| 000 | 00642nam a2200193Ia 4500 | ||
|---|---|---|---|
| 003 | GCL | ||
| 008 | 140319s9999 xx 000 0 ara d | ||
| 040 |
_aGCL / _cGCL |
||
| 082 | 0 | 4 |
_a953 _bا ع |
| 100 | 1 | _aاحمد شلبى | |
| 245 | 1 | 0 |
_aالعلاقات الدولية فى الفكر الاسلامى / _cاحمد شلبى |
| 260 |
_a[S.N] : _bمكتبة النهضة المصرية ، _c1987 |
||
| 300 | _a210 | ||
| 490 |
_aموسوعة الحضارة الاسلامية _v0 |
||
| 650 | 0 | 4 | _aشبه الجزيرة العربية |
| 650 | 0 | 4 | _aالتاريخ الاسلامى |
| 650 | 0 | 4 | _aالعرب والروم |
| 942 |
_2ddc _cBK |
||
| 999 |
_c54664 _d54664 |
||